Phân tích hiệu quả tài chính canh tác lúa theo qui mô đất tại huyện Vũng Liêm, tỉnh Vĩnh Long : Luận văn tốt nghiệp cao học ngành: Hệ thống Nông nghiệp
Canh tác lúa là hoạt động sử dụng tài nguyên đất dai lớn nhất ở huyện Vũn Liêm, tỉnh Vĩnh Long nhưng qui mô canh tác không đều ảnh hưởng đến hiệu quả sản xuất. Thống kê mô tả và phân tích phương sai một nhân tố để phân tích và so sánh d...
Na minha lista:
| Autor principal: | |
|---|---|
| Formato: | Livro |
| Idioma: | Undetermined |
| Publicado em: |
Cần Thơ
Trường Đại học Cần Thơ
2020
|
| Assuntos: | |
| Tags: |
Adicionar Tag
Sem tags, seja o primeiro a adicionar uma tag!
|
| Thư viện lưu trữ: | Trung tâm Học liệu Trường Đại học Cần Thơ |
|---|
| LEADER | 01496nam a2200241Ia 4500 | ||
|---|---|---|---|
| 001 | CTU_237747 | ||
| 008 | 210402s9999 xx 000 0 und d | ||
| 082 | |a 338.16 | ||
| 082 | |b C120 | ||
| 088 | |a 8620118 | ||
| 100 | |a Trần, Thanh Cầm | ||
| 245 | 0 | |a Phân tích hiệu quả tài chính canh tác lúa theo qui mô đất tại huyện Vũng Liêm, tỉnh Vĩnh Long : | |
| 245 | 0 | |b Luận văn tốt nghiệp cao học ngành: Hệ thống Nông nghiệp | |
| 245 | 0 | |c Trần Thanh Cầm ; Nguyễn Thanh Bình (hướng dẫn khoa học) | |
| 260 | |a Cần Thơ | ||
| 260 | |b Trường Đại học Cần Thơ | ||
| 260 | |c 2020 | ||
| 520 | |a Canh tác lúa là hoạt động sử dụng tài nguyên đất dai lớn nhất ở huyện Vũn Liêm, tỉnh Vĩnh Long nhưng qui mô canh tác không đều ảnh hưởng đến hiệu quả sản xuất. Thống kê mô tả và phân tích phương sai một nhân tố để phân tích và so sánh dữ liệu thu thập. Phân tích SWOT được dùng để đề xuất các chiến lược sinh kê phù hợp cho từng nhóm họ có quy mô đất khác nhau. | ||
| 650 | |a Nông nghiệp,Agriculture | ||
| 650 | |x Khía cạnh kinh tế,Economic aspects | ||
| 904 | |i Hiếu | ||
| 910 | |c tvtrong | ||
| 980 | |a Trung tâm Học liệu Trường Đại học Cần Thơ | ||